书目信息 |
| 题名: |
园林绿化养护工程施工与管理
|
|
| 作者: | 刘洪景 著 | |
| 分册: | ||
| 出版信息: | 武汉 华中科技大学出版社 2016.2 |
|
| 页数: | 167页 | |
| 开本: | 26cm | |
| 丛书名: | ||
| 单 册: | ||
| 中图分类: | TU986.3 | |
| 科图分类: | ||
| 主题词: | 园林--yuan lin--绿化--工程施工 , 园林--yuan lin--绿化种植 | |
| 电子资源: | ||
| ISBN: | 978-7-5680-1370-3 | |
| 000 | 01191nam 2200277 450 | |
| 001 | 0100003935 | |
| 005 | 20160318111101.8 | |
| 010 | @a978-7-5680-1370-3@dCNY128.00 | |
| 100 | @a20151224d2016 em y0chiy0121 ea | |
| 101 | 0 | @achi |
| 102 | @aCN@b420000 | |
| 105 | @aa a 000yy | |
| 106 | @ar | |
| 200 | 1 | @a园林绿化养护工程施工与管理@Ayuan lin lv hua yang hu gong cheng shi gong yu guan li@d= Construction and management of garden virescence maintenance engineering@f刘洪景著@zeng |
| 210 | @a武汉@c华中科技大学出版社@d2016.2 | |
| 215 | @a167页@c彩图@d26cm | |
| 320 | @a有书目 (第166页) | |
| 330 | @a本书包括植物养护的除草、松土、水分管理、施肥、修剪与牵引、密度调控、补种与改种、病虫害防治, 以及卫生与环境管理、园林绿化维护、安全管理、季节性作业、施工组织、施工质量检查与考评、园林绿地数据库等内容。 | |
| 333 | @a本书可供园林绿化单位、养护工程施工企业及园林工作者 | |
| 510 | 1 | @aConstruction and management of garden virescence maintenance engineering@zeng |
| 606 | 0 | @a园林@Ayuan lin@x绿化@x工程施工 |
| 606 | 0 | @a园林@Ayuan lin@x绿化种植 |
| 690 | @aTU986.3@v5 | |
| 701 | 0 | @a刘洪景@Aliu hong jing@4著 |
| 801 | 0 | @aCN@c20160515 |
| 905 | @a河南城建学院图书馆@dTU986.3@eL622 | |
| 园林绿化养护工程施工与管理= Construction and management of garden virescence maintenance engineering/刘洪景著.-武汉:华中科技大学出版社,2016.2 |
| 167页:彩图;26cm |
| 使用对象:本书可供园林绿化单位、养护工程施工企业及园林工作者 |
| ISBN 978-7-5680-1370-3:CNY128.00 |
| 本书包括植物养护的除草、松土、水分管理、施肥、修剪与牵引、密度调控、补种与改种、病虫害防治, 以及卫生与环境管理、园林绿化维护、安全管理、季节性作业、施工组织、施工质量检查与考评、园林绿地数据库等内容。 |
| ● |
| 相关链接 |
|
|
|
正题名:园林绿化养护工程施工与管理
索取号:TU986.3/L622
 
预约/预借
| 序号 | 登录号 | 条形码 | 馆藏地/架位号 | 状态 | 备注 |
| 1 | 1251281 | 212512814 | 建筑库201/201建筑库 115排1列2层/ [索取号:TU986.3/L622] | 在馆 |